| 000 | 00711nam a2200193 a 4500 | ||
|---|---|---|---|
| 003 | 0 | ||
| 005 | 20250319115925.0 | ||
| 008 | 080916s19uu xx 00 eng d | ||
| 050 |
_aPHS LC 1481 _b.Pa21 2008 |
||
| 100 | _aParis, Boris Leandre G. | ||
| 245 |
_aWorking students and their self-image as students / _cBoris Leandre G. Paris. |
||
| 260 |
_aLas PiƱas City, Philippines : _bSouthville International School and Colleges, _c2008. |
||
| 300 |
_a69 pages : _billustrations ; _c28 cm. |
||
| 504 | _aIncludes bibliographical references. | ||
| 650 |
_aStudent employment _xPsychological aspects. |
||
| 650 | _aSelf-perception in adolescence. | ||
| 650 |
_aWork and study _xSocial aspects. |
||
| 942 |
_2lcc _cPASS |
||
| 999 |
_c98053 _d98053 |
||